000 00427nam a2200181Ia 4500
001 15750
005 20260306170219.0
008 260306t2004||||xx |||||||||||||| ||und||
041 _aESP
082 _a604.2
_bS21
100 _aSanmiguel, David
_eAUT
245 0 _aTodo sobre la técnica del dibujo
260 _c2004
300 _a143 páginas :
_c28 cm.
650 _aGEN
654 _aCAU
942 _cLIB
_dJUS
_fJUS
_2ddc
_n
999 _c15750
_d15750